Sports Quiz

Random Sports Quiz

Pacific, Simtek and Forti Formula One drivers Quiz Stats

 Plays Quiz not verified by Sporcle

Challenge
Share
Tweet
Embed
Score 0/16 Timer 10:00
0 Plays Today
Team Driver % Correct
SimtekRoland Ratzenberger
95.6%
FortiPedro Diniz
86.7%
PacificAndrea Montermini
85%
SimtekAndrea Montermini
85%
FortiAndrea Montermini
85%
SimtekDavid Brabham
84.1%
FortiRoberto Moreno
83.2%
PacificBertrand Gachot
80.5%
Team Driver % Correct
FortiLuca Badoer
78.8%
SimtekJos Verstappen
77.9%
PacificJean-Denis Deletraz
73.5%
PacificPaul Belmondo
71.7%
SimtekDomenico Schiattarella
68.1%
SimtekTaki Inoue
68.1%
PacificGiovanni Lavaggi
65.5%
SimtekJean-Marc Gounon
56.6%

You're not logged in!

Compare scores with friends on all Sporcle quizzes.
OR
Log In

You Might Also Like...

Show Comments

Extras

Created Nov 14, 2012ReportNominate
Tags:driver, pacific, team

Top Quizzes Today


Score Distribution

Your Account Isn't Verified!

In order to create a playlist on Sporcle, you need to verify the email address you used during registration. Go to your Sporcle Settings to finish the process.

Report this User

Report this user for behavior that violates our Community Guidelines.

Details: